000
00241nam a22001097a 4500
082
_a
891.4391 ZUL'A
100
_a
ZULFI, ZULFIQAR AHMED
_9
56520
245
_a
AHSAS
260
_a
LAHORE
_b
MAKTABA TEHREER
_c
1991
300
_a
128P
942
_c
BK
999
_c
566905
_d
566905